书目信息 |
| 题名: |
为了人与自然的和谐
|
|
| 作者: | 解振华 著 | |
| 分册: | 中 | |
| 出版信息: | 北京 中国环境科学出版社 2006 |
|
| 页数: | 605-1258页 | |
| 开本: | 23cm | |
| 丛书名: | ||
| 单 册: | ||
| 中图分类: | X-012 | |
| 科图分类: | ||
| 主题词: | 环境保护--文件--中国 , 环境保护 | |
| 电子资源: | ||
| ISBN: | 7-80209-419-4 | |
| 000 | 00871nam0 2200253 450 | |
| 001 | 003356514 | |
| 005 | 20070807164250.68 | |
| 010 | @a7-80209-419-4@dCNY106.66 | |
| 035 | @a003356514 | |
| 100 | @a20070125d2006 emky0chiy0110 ea | |
| 101 | 0 | @achi |
| 102 | @aCN@b110000 | |
| 105 | @aa z 000yy | |
| 106 | @ar | |
| 200 | 1 | @a为了人与自然的和谐@Awei le ren yu zi ran de he xie@h中@f解振华[著]@Fjie zhen hua [ zhu ] |
| 210 | @a北京@c中国环境科学出版社@d2006 | |
| 215 | @a605-1258页@c彩照@d23cm | |
| 330 | @a本文集包涵了主要环境法律法规政策出台的背景,记载了我国在国际国内环境形势变化中的对策措施,汇集了党和国家领导人对环保工作的重要指示和部署,总结了环保工作的经验教训。 | |
| 606 | 0 | @a环境保护@j文件@y中国 |
| 606 | 0 | @a环境保护 |
| 690 | @aX-012@v4 | |
| 701 | 0 | @a解振华@Axie zhen hua@f(1949.11~)@4著 |
| 801 | 0 | @aCN@bNLC@c20070807 |
| 905 | @dX-012@e170:2@f1 | |
| 为了人与自然的和谐.中/解振华[著].-北京:中国环境科学出版社,2006 |
| 605-1258页:彩照;23cm |
| ISBN 7-80209-419-4:CNY106.66 |
| 本文集包涵了主要环境法律法规政策出台的背景,记载了我国在国际国内环境形势变化中的对策措施,汇集了党和国家领导人对环保工作的重要指示和部署,总结了环保工作的经验教训。 |
| ● |
| 相关链接 |
|
|
|
|
正题名:为了人与自然的和谐
索取号:X-012/170:2
 
预约/预借
| 序号 | 登录号 | 条形码 | 馆藏地/架位号 | 状态 | 备注 |
| 1 | 0853458 | 208534585 | 第二样本阅览室/ [索取号:X-012/170:2] | 在馆 |